LEADER 01199nam a2200265 i 4500 001 991001193009707536 005 20020502184908.0 008 991228s1999 it ||| | ita 020 $a8870755282$c18000 035 $ab11476977-39ule_inst 035 $aPRUMB56509$9ExL 040 $aDUSS - Diploma Universitario in Servizio Sociale$bita 100 1 $aZanobi, Anna Rita$04885 245 10$aGuida pratica alle prove d'esame :$bcenni di biblioteconomia e bibliografia generale con quesiti di verifica /$cAnna Rita Zanobi, Paola Ferro 260 $aMilano :$bBibliografica,$c1999 300 $a190 p. ;$c20 cm 490 0 $aConcorsi per bibliotecari ;$v3 700 1 $aFerro, Paola$eauthor$4http://id.loc.gov/vocabulary/relators/aut$08970 907 $a.b11476977$b01-03-17$c01-07-02 912 $a991001193009707536 945 $aLE024 BIB I 31$g1$i2024000018368$lle021$nex DUSS$o-$pE0.00$q-$rl$s- $t0$u0$v0$w0$x0$y.i11667114$z01-07-02 945 $aLE002 Bibl. Ris. 29/2$g1$i2002000452658$lle002$o-$pE0.00$q-$rn$so $t0$u0$v0$w0$x0$y.i13952262$z30-11-04 996 $aGuida pratica alle prove d'esame$91451480 997 $aUNISALENTO 998 $ale002$ale021$b01-01-99$cm$da $e-$fita$git $h0$i1 LEADER 02899nam 22005175 450 001 9910767507303321 005 20251008131320.0 010 $a981-9966-82-5 024 7 $a10.1007/978-981-99-6682-0 035 $a(MiAaPQ)EBC30980211 035 $a(Au-PeEL)EBL30980211 035 $a(CKB)29128036300041 035 $a(DE-He213)978-981-99-6682-0 035 $a(OCoLC)1414468459 035 $a(EXLCZ)9929128036300041 100 $a20231130d2023 u| 0 101 0 $aeng 135 $aurcnu|||||||| 181 $ctxt$2rdacontent 182 $cc$2rdamedia 183 $acr$2rdacarrier 200 10$aAtlas of Small Intestinal Disorders $eIntegrated Case Presentation /$fedited by Cheng-Tang Chiu, Hsiu-Po Wang, Yang-Yuan Chen 205 $a1st ed. 2023. 210 1$aSingapore :$cSpringer Nature Singapore :$cImprint: Springer,$d2023. 215 $a1 online resource (127 pages) 225 1 $aMedicine Series 311 08$aPrint version: Chiu, Cheng-Tang Atlas of Small Intestinal Disorders Singapore : Springer,c2024 9789819966813 320 $aIncludes bibliographical references. 327 $aBenign Nepolasms of the small intestines -- Manlignant Nepolasms of the small intestines -- Inflammatory Disorders of the small intestines -- Structure Disorders of the small intestines -- Ulcers of the small intestines -- Vascular Disorders of the small intestines -- Miscellaneous Disorders -- Enteroscopic Therapy Techniques in small intestines. . 330 $aThis atlas composes of original contributions of characteristic cases of small intestinal diseases. The typical small intestinal diseases related cases are discussed in this book. Each case in the atlas is introduced with relevant clinical history and exemplified with educatory endoscopy images. With abundant illustrations, this atlas provides valuable information learned from the diagnoses and treatments of the patients with small intestinal diseases. It also introduces the advances of the latest medical technologies in small intestinal medicine, such as capsule endoscopy, double-balloon enteroscopy, and single-balloon enteroscopy. Small intestinal medicine is an emerging, fascinating and important discipline in gastroenterology. This Atlas can serve as a useful and educational guide to young doctors and a refreshing reference book to educators in this field, and hence promoting better clinical care for their patients. 410 0$aMedicine Series 606 $aInternal medicine 606 $aInternal Medicine 615 0$aInternal medicine. 615 14$aInternal Medicine. 676 $a616.34 702 $aChiu$b Cheng-Tang 702 $aWang$b Hsiu-Po 702 $aChen$b Yang-Yuan 801 0$bMiAaPQ 801 1$bMiAaPQ 801 2$bMiAaPQ 906 $aBOOK 912 $a9910767507303321 996 $aAtlas of Small Intestinal Disorders$93655923 997 $aUNINA